الوثائق فى خدمة الآثار
محفوظ في:
المؤلف الرئيسي:
التنسيق: كتاب
اللغة: Undetermined
منشور في:
Cairo
dar altibaeat alhaditha
1959
سلاسل:
الدراسات الوثائقية
الوسوم: إضافة وسم
لا توجد وسوم, كن أول من يضع وسما على هذه التسجيلة!
رقم الطلب: N23 IBRAH
| LEADER | 00431nam a2200133Ia 4500 | ||
|---|---|---|---|
| 008 | 240404s9999||||xx |||||||||||||| ||und|| | ||
| 050 | 4 | |a N23 IBRAH | |
| 100 | 1 | |a عبداللطيف ابراهيم. | |
| 245 | 1 | 0 | |a الوثائق فى خدمة الآثار |c عبداللطيف ابراهيم |
| 264 | 1 | |a Cairo |b dar altibaeat alhaditha |c 1959 | |
| 300 | |a 83 |c 24 | ||
| 490 | 0 | |a الدراسات الوثائقية | |
| 942 | |2 lcc |c BK | ||
| 999 | |c 57943 |d 57943 | ||
